Visualizzazione normale
Vista MARC
- Cherubini Bixio
di Personal Name
Records bibliografici associati: 1
001 - CONTROL NUMBER
- control field: 10821
003 - CONTROL NUMBER IDENTIFIER
- control field: IT-RoPau
005 - DATE AND TIME OF LATEST TRANSACTION
- control field: 20140126215114.0
008 - FIXED-LENGTH DATA ELEMENTS
- fixed length control field: 140126|| aca||aabn | a|a d
040 ## - CATALOGING SOURCE
- Original cataloging agency: IT-RoPau
- Transcribing agency: IT-RoPau
100 ## - HEADING--PERSONAL NAME
- Personal name: Cherubini Bixio
- Dates associated with a name: Codice autore SPICS: 13442
- Relator term: Autore
- Name of part/section of a work: Voga e va...
670 ## - SOURCE DATA FOUND
- Source citation: Work cat.: (IT-RoPau)99798: AA.VV. 794, Venezia-Music parade